[Event "Lancaster Open 2nd"]
[Site "Lancaster"]
[Date "2024.08.09"]
[Round "1.1"]
[White "Hariharan, Shambavi"]
[Black "Boswell, Jacob Connor"]
[Result "0-1"]
[WhiteElo "1859"]
[BlackElo "2324"]
[PlyCount "90"]
[EventDate "2024.08.09"]
[EventType "swiss"]
[EventRounds "5"]
[EventCountry "ENG"]
[SourceTitle "BritBase"]
[Source "John Saunders"]
[SourceDate "2024.08.31"]
[SourceVersion "1"]
[SourceVersionDate "2024.08.25"]
[SourceQuality "1"]

1. Nf3 d5 2. d4 Nf6 3. c4 e6 4. g3 dxc4 5. Bg2 a6 6. a4 Nc6 7. O-O Rb8 8. a5 b5 9. axb6 cxb6 10. Bf4 Bd6 11. Ne5 Ne7 12. Nxc4 Bxf4 13. gxf4 O-O 14. Nc3 Qc7 15. Ne5 Bb7 16. e3 Bxg2 17. Kxg2 Nfd5 18. Nxd5 Qb7 19. Qf3 Nxd5 20. Kh1 Rfc8 21. Rac1 a5 22. Rg1 Rxc1 23. Rxc1 Rc8 24. Rxc8+ Qxc8 25. Qe2 f6 26. Nd3 Qc4 27. Qd1 a4 28. Kg1 Ne7 29. f3 Nd5 30. Kf2 h6 31. Qd2 Ne7 32. Nb4 Nf5 33. d5 Nd6 34. dxe6 Qxe6 35. e4 Nc4 36. Qd4 b5 37. Kg2 Qd6 38. Nd5 Kh7 39. Qd3 f5 40. Qd4 fxe4 41. fxe4 Qg6+ 42. Kf2 Qh5 43. Kg3 Qg6+ 44. Kf2 Nd6 45. f5 Qg5 0-1

[Event "Lancaster Open 2nd"]
[Site "Lancaster"]
[Date "2024.08.09"]
[Round "1.3"]
[White "Kershaw, Ewan"]
[Black "Arnott, Jonathan"]
[Result "1/2-1/2"]
[WhiteElo "1950"]
[BlackElo "2259"]
[PlyCount "73"]
[EventDate "2024.08.09"]
[EventType "swiss"]
[EventRounds "5"]
[EventCountry "ENG"]
[SourceTitle "BritBase"]
[Source "John Saunders"]
[SourceDate "2024.08.31"]
[SourceVersion "1"]
[SourceVersionDate "2024.08.25"]
[SourceQuality "1"]

1. c4 f5 2. d4 e6 3. Nc3 Nf6 4. Qc2 Be7 5. e3 O-O 6. Bd3 b6 7. Nge2 Bb7 8. O-O Qe8 9. f3 Nc6 10. a3 Qh5 11. Bd2 g5 12. b4 Nd8 13. e4 f4 14. e5 Ne8 15. Be4 Bxe4 16. Qxe4 Rc8 17. d5 a5 18. Nb5 axb4 19. axb4 exd5 20. cxd5 d6 21. Ned4 dxe5 22. Nf5 Bf6 23. d6 Nxd6 24. Nbxd6 cxd6 25. Nxd6 Rc7 26. b5 Nf7 27. Bb4 Rd8 28. Ra8 Nxd6 29. Bxd6 Rcd7 30. Bc7 Rxc7 31. Qd5+ Rf7 32. Rxd8+ Bxd8 33. Qxd8+ Kg7 34. Qxb6 g4 35. Qe6 gxf3 36. Rxf3 e4 37. Qxe4 1/2-1/2

[Event "Lancaster Open 2nd"]
[Site "Lancaster"]
[Date "2024.08.09"]
[Round "1.4"]
[White "Jakhria, Kushal"]
[Black "Mcmenamin, Danny"]
[Result "1-0"]
[WhiteElo "2193"]
[BlackElo "1943"]
[PlyCount "66"]
[EventDate "2024.08.09"]
[EventType "swiss"]
[EventRounds "5"]
[EventCountry "ENG"]
[SourceTitle "BritBase"]
[Source "John Saunders"]
[SourceDate "2024.08.31"]
[SourceVersion "1"]
[SourceVersionDate "2024.08.25"]
[SourceQuality "1"]

1. d4 Nf6 2. c4 e6 3. Nf3 c5 4. d5 b5 5. dxe6 fxe6 6. cxb5 d5 7. e3 Bd6 8. Nc3 Nbd7 9. Be2 O-O 10. O-O Bb7 11. b3 Kh8 12. Re1 Qe8 13. a4 e5 14. e4 d4 15. Bc4 Rd8 16. Nd5 Nxd5 17. exd5 Qf7 18. Qc2 h6 19. Nh4 Rfe8 20. Bd3 Qf6 21. Ng6+ Kg8 22. Be4 Nb6 23. g4 Bxd5 24. a5 Bxe4 25. Qxe4 Nc8 26. h4 Rd7 27. f4 Ne7 28. Nxe5 Bxe5 29. Qxe5 Qxh4 30. Qe6+ Kf8 31. Re2 Rdd8 32. Ba3 Qg3+ 33. Rg2 Qxb3 1-0

[Event "Lancaster Open 2nd"]
[Site "Lancaster"]
[Date "2024.08.09"]
[Round "1.5"]
[White "Sykes, Chris"]
[Black "Surtees, Michael"]
[Result "1/2-1/2"]
[WhiteElo "1814"]
[BlackElo "2162"]
[PlyCount "94"]
[EventDate "2024.08.09"]
[EventType "swiss"]
[EventRounds "5"]
[EventCountry "ENG"]
[SourceTitle "BritBase"]
[Source "John Saunders"]
[SourceDate "2024.08.31"]
[SourceVersion "1"]
[SourceVersionDate "2024.08.25"]
[SourceQuality "1"]

1. d4 f5 2. Nc3 Nf6 3. Bg5 e6 4. e4 fxe4 5. Nxe4 Be7 6. Bxf6 Bxf6 7. Nf3 Nc6 8. c3 b6 9. Bb5 Bb7 10. O-O a6 11. Ba4 Qe7 12. d5 exd5 13. Nxf6+ Qxf6 14. Re1+ Ne7 15. Qe2 Kd8 16. Ne5 b5 17. Bb3 Ng6 18. Nxg6 hxg6 19. Rad1 c6 20. Rd3 Kc7 21. Rf3 Qd6 22. Qe5 Qxe5 23. Rxe5 Rae8 24. Rfe3 Rxe5 25. Rxe5 c5 26. Bc2 Kd6 27. Rg5 Rh6 28. Bxg6 Ke7 29. f4 Kf6 30. Bc2 Kf7 31. Rf5+ Kg8 32. Re5 Re6 33. Bf5 Rxe5 34. fxe5 Bc6 35. h4 Kf7 36. h5 a5 37. a3 b4 38. Kf2 Ke7 39. g4 d6 40. exd6+ Kxd6 41. g5 bxa3 42. bxa3 Ke5 43. h6 gxh6 44. gxh6 Kf6 45. h7 Kg7 46. Bd3 Ba4 47. Kg3 c4 1/2-1/2

[Event "Lancaster Open 2nd"]
[Site "Lancaster"]
[Date "2024.08.09"]
[Round "1.6"]
[White "McAtear, Jacob B"]
[Black "Vann, Richard P"]
[Result "1/2-1/2"]
[WhiteElo "2110"]
[BlackElo "1917"]
[PlyCount "55"]
[EventDate "2024.08.09"]
[EventType "swiss"]
[EventRounds "5"]
[EventCountry "ENG"]
[SourceTitle "BritBase"]
[Source "John Saunders"]
[SourceDate "2024.08.31"]
[SourceVersion "1"]
[SourceVersionDate "2024.08.25"]
[SourceQuality "1"]

1. e4 Nf6 2. e5 Nd5 3. d4 d6 4. c4 Nb6 5. f4 dxe5 6. fxe5 Bf5 7. Nf3 e6 8. Be3 Bb4+ 9. Nc3 O-O 10. Bd3 Bxd3 11. Qxd3 Bxc3+ 12. bxc3 h6 13. g4 Nc6 14. h4 f6 15. Bxh6 Nxe5 16. Nxe5 fxe5 17. Bg5 Qd6 18. Rh3 exd4 19. cxd4 Qb4+ 20. Qc3 Qxc4 21. Qxc4 Nxc4 22. Rb1 Nb6 23. a4 Rab8 24. Rhb3 a5 25. Rb5 Rf7 26. Re5 Rbf8 27. Ke2 Rf2+ 28. Kd3 1/2-1/2

[Event "Lancaster Open 2nd"]
[Site "Lancaster"]
[Date "2024.08.09"]
[Round "1.7"]
[White "Lampard, Alice"]
[Black "McLean, Robert"]
[Result "0-1"]
[WhiteElo "1910"]
[BlackElo "2101"]
[PlyCount "102"]
[EventDate "2024.08.09"]
[EventType "swiss"]
[EventRounds "5"]
[EventCountry "ENG"]
[SourceTitle "BritBase"]
[Source "John Saunders"]
[SourceDate "2024.08.31"]
[SourceVersion "1"]
[SourceVersionDate "2024.08.25"]
[SourceQuality "1"]

1. d4 Nf6 2. c4 e6 3. Nc3 d5 4. cxd5 Nxd5 5. e4 Nxc3 6. bxc3 c5 7. Nf3 cxd4 8. cxd4 Bb4+ 9. Bd2 Bxd2+ 10. Qxd2 O-O 11. Bc4 Nd7 12. O-O b6 13. Rfe1 Bb7 14. a4 Rc8 15. Bd3 Nf6 16. a5 b5 17. a6 Bc6 18. Qf4 h6 19. Rec1 Qb6 20. Ne5 Qxd4 21. Nxc6 Rxc6 22. Rxc6 Qxa1+ 23. Qc1 Qd4 24. Qc2 Rd8 25. Rc8 Rxc8 26. Qxc8+ Kh7 27. Qc2 g6 28. Bxb5 Nxe4 29. Bd3 Nc5 30. Bf1 Ne4 31. Bd3 Qa1+ 32. Bf1 Qe1 33. Qe2 Qxe2 34. Bxe2 Kg7 35. Bd3 Nc5 36. Bc4 Kf6 37. f3 Ke5 38. Kf2 Kd4 39. Bb5 g5 40. g3 f5 41. h3 e5 42. g4 f4 43. Ke2 Kc3 44. Kd1 Ne6 45. Bc6 Kd3 46. Ke1 Ke3 47. Bd5 Nd4 48. Kf1 Nxf3 49. Kg2 Nd2 50. Bc6 f3+ 51. Kg3 f2 0-1

[Event "Lancaster Open 2nd"]
[Site "Lancaster"]
[Date "2024.08.09"]
[Round "1.8"]
[White "Daryanto, Ahmad"]
[Black "Richmond, Frank"]
[Result "0-1"]
[WhiteElo "2059"]
[BlackElo "1678"]
[PlyCount "60"]
[EventDate "2024.08.09"]
[EventType "swiss"]
[EventRounds "5"]
[EventCountry "ENG"]
[SourceTitle "BritBase"]
[Source "John Saunders"]
[SourceDate "2024.08.31"]
[SourceVersion "1"]
[SourceVersionDate "2024.08.25"]
[SourceQuality "1"]

1. e4 e6 2. d4 d5 3. e5 c5 4. c3 Nc6 5. Nf3 Bd7 6. a3 c4 7. Be2 Nge7 8. O-O Ng6 9. Re1 Be7 10. g3 O-O 11. h4 f6 12. exf6 Bxf6 13. Be3 Be8 14. Ng5 Bxg5 15. Bxg5 Qb6 16. Ra2 e5 17. Be3 e4 18. Nd2 Na5 19. a4 Ne7 20. Kg2 Nf5 21. Bg5 h6 22. Be3 Qg6 23. Rh1 Qxg3+ 24. fxg3 Nxe3+ 25. Kg1 Nxd1 26. Bxd1 Bg6 27. Nf1 Rf7 28. Ne3 Raf8 29. Bg4 Rf6 30. Nxd5 Rf1+ 0-1

[Event "Lancaster Open 2nd"]
[Site "Lancaster"]
[Date "2024.08.09"]
[Round "1.9"]
[White "Lyth, John D"]
[Black "Ackley, Peter JE"]
[Result "0-1"]
[WhiteElo "1868"]
[BlackElo "1951"]
[PlyCount "156"]
[EventDate "2024.08.09"]
[EventType "swiss"]
[EventRounds "5"]
[EventCountry "ENG"]
[SourceTitle "BritBase"]
[Source "John Saunders"]
[SourceDate "2024.08.31"]
[SourceVersion "1"]
[SourceVersionDate "2024.08.25"]
[SourceQuality "1"]

1. d4 d6 2. Nf3 g6 3. g3 Bg7 4. Bg2 f5 5. O-O Nf6 6. c4 O-O 7. Nc3 Qe8 8. d5 a5 9. Nd4 Na6 10. e3 Bd7 11. Qe2 Nc5 12. Bd2 c6 13. b3 Nfe4 14. Nxe4 Nxe4 15. Rac1 cxd5 16. Nb5 Bxb5 17. cxb5 e6 18. Rfd1 Nc5 19. Be1 b6 20. f3 Rc8 21. Bf2 Qe7 22. Rc2 Rc7 23. Rdc1 Rfc8 24. Bf1 Bf6 25. Qd2 Qd7 26. Be2 Kf7 27. Bf1 Bd8 28. Be2 Nb7 29. Bf1 Rxc2 30. Rxc2 Rxc2 31. Qxc2 Qc7 32. Qxc7+ Bxc7 33. Bd3 Nc5 34. Bc2 Bd8 35. Kf1 Bf6 36. Ke2 Bc3 37. h3 Bb4 38. g4 {(=)} Nd7 39. Bb1 Bc5 40. Bc2 h6 41. Bb1 Kf6 42. Bc2 e5 43. Bh4+ Ke6 44. Bf2 Nf6 45. Bh4 Ne8 46. Bf2 Nc7 47. a4 fxg4 48. hxg4 Kf6 49. Bh4+ g5 50. Bf2 Ne6 51. Bf5 Ng7 52. Bc2 Ke7 53. Bg6 Ne6 54. Bf5 Nc7 55. Bg6 Ne8 56. Bxe8 Kxe8 57. Kd3 Kf7 58. Be1 Kg6 59. e4 d4 60. Bf2 h5 61. gxh5+ Kxh5 62. Be1 g4 63. fxg4+ Kxg4 64. Bd2 Kf3 65. Bg5 d5 66. exd5 e4+ 67. Kd2 e3+ 68. Kd3 e2 69. Bh4 Be7 70. Be1 Bb4 71. Bh4 Be7 72. Be1 Bb4 73. Bh4 {(=)} e1=Q 74. Bxe1 Bxe1 75. Kxd4 Bg3 76. Kd3 Bd6 77. Kd4 Kf4 78. Kc3 Ke4 0-1

[Event "Lancaster Open 2nd"]
[Site "Lancaster"]
[Date "2024.08.09"]
[Round "1.10"]
[White "Seery, Philip T"]
[Black "Wynarczyk, Raymond"]
[Result "1/2-1/2"]
[WhiteElo "1964"]
[BlackElo "1863"]
[PlyCount "61"]
[EventDate "2024.08.09"]
[EventType "swiss"]
[EventRounds "5"]
[EventCountry "ENG"]
[SourceTitle "BritBase"]
[Source "John Saunders"]
[SourceDate "2024.08.31"]
[SourceVersion "1"]
[SourceVersionDate "2024.08.25"]
[SourceQuality "1"]

1. d4 d5 2. c4 e6 3. Nc3 Nf6 4. Bg5 c5 5. cxd5 Qb6 6. Bxf6 Qxb2 7. Qc1 Qxc1+ 8. Rxc1 gxf6 9. Nf3 cxd4 10. Nxd4 Bb4 11. e4 Bd7 12. Bb5 Ke7 13. Ke2 Rc8 14. Na4 Na6 15. Bxd7 Kxd7 16. Rhd1 Ke7 {(=)} 17. Nb5 Nc5 18. Nxc5 Bxc5 19. d6+ Kd7 20. Nc7 Ba3 21. Rb1 Rab8 22. Nb5 Bc5 23. f4 a6 24. Nd4 Bxd4 25. Rxd4 Rc2+ 26. Kf3 Rxa2 27. Rb6 Rc2 28. Rdb4 Rc3+ 29. Kf2 Rc2+ 30. Kf3 Rc3+ 31. Kf2 1/2-1/2

[Event "Lancaster Open 2nd"]
[Site "Lancaster"]
[Date "2024.08.09"]
[Round "1.11"]
[White "Nastase, Andreea Cristina"]
[Black "Cook, Michael Antony"]
[Result "1-0"]
[WhiteElo "1855"]
[BlackElo "1962"]
[PlyCount "107"]
[EventDate "2024.08.09"]
[EventType "swiss"]
[EventRounds "5"]
[EventCountry "ENG"]
[SourceTitle "BritBase"]
[Source "John Saunders"]
[SourceDate "2024.08.31"]
[SourceVersion "1"]
[SourceVersionDate "2024.08.25"]
[SourceQuality "1"]

1. d4 d5 2. c4 e6 3. Nc3 a6 4. cxd5 exd5 5. Nf3 h6 6. Bf4 Nf6 7. e3 Bd6 8. Ne5 O-O 9. Bd3 Re8 10. Qf3 Nbd7 11. Nxd7 Qxd7 12. Bxh6 Qg4 13. Qxg4 Nxg4 14. Bg5 f6 15. Bg6 Rd8 16. Bh4 Be6 17. h3 Nh6 18. g4 Bf7 19. Bxf7+ Nxf7 20. Nxd5 Re8 21. Bxf6 c6 22. Nb6 gxf6 23. Nxa8 Rxa8 24. f4 Re8 25. Kf2 Bc7 26. Kf3 Nd6 27. Rac1 Bb6 28. Rhe1 Kg7 29. e4 Bxd4 30. Rcd1 c5 31. b4 b6 32. bxc5 bxc5 33. h4 Nb5 34. Rb1 Re7 35. g5 Rc7 36. gxf6+ Kxf6 37. a4 Nc3 38. Rb6+ Kf7 39. Rxa6 Rb7 40. a5 Rb2 41. e5 Rf2+ 42. Kg4 Nd5 43. Re4 Rg2+ 44. Kh3 Rd2 45. e6+ Ke8 46. Ra8+ Ke7 47. Ra7+ Ke8 48. e7 Rd3+ 49. Kg2 Ne3+ 50. Kh1 Rd1+ 51. Kh2 Nf1+ 52. Kh3 Rd3+ 53. Kg4 Rg3+ 54. Kh5 1-0

[Event "Lancaster Open 2nd"]
[Site "Lancaster"]
[Date "2024.08.10"]
[Round "2.1"]
[White "Boswell, Jacob Connor"]
[Black "Nastase, Andreea Cristina"]
[Result "1-0"]
[WhiteElo "2324"]
[BlackElo "1855"]
[PlyCount "61"]
[EventDate "2024.08.09"]
[EventType "swiss"]
[EventRounds "5"]
[EventCountry "ENG"]
[SourceTitle "BritBase"]
[Source "John Saunders"]
[SourceDate "2024.08.31"]
[SourceVersion "1"]
[SourceVersionDate "2024.08.25"]
[SourceQuality "1"]

1. d4 d5 2. c4 c6 3. Nc3 dxc4 4. e3 e5 5. Bxc4 exd4 6. exd4 Nf6 7. Qb3 Qe7+ 8. Nge2 b5 9. Bd3 Be6 10. Qc2 Qd7 11. O-O Na6 12. a3 Be7 13. Bf4 h6 14. Rac1 O-O 15. Ne4 Rac8 16. b4 Bd5 17. Nxf6+ Bxf6 18. Bh7+ Kh8 19. Bf5 Be6 20. Bxe6 Qxe6 21. Rfd1 Nb8 22. Ng3 Nd7 23. Nf5 Nb6 24. Nd6 Rcd8 25. Qxc6 Nc4 26. d5 Qg4 27. Nxc4 bxc4 28. Qxc4 Bb2 29. h3 Qf5 30. Rb1 Rc8 31. Qd3 1-0

[Event "Lancaster Open 2nd"]
[Site "Lancaster"]
[Date "2024.08.10"]
[Round "2.2"]
[White "Ackley, Peter JE"]
[Black "Wall, Tim"]
[Result "0-1"]
[WhiteElo "1951"]
[BlackElo "2320"]
[PlyCount "46"]
[EventDate "2024.08.09"]
[EventType "swiss"]
[EventRounds "5"]
[EventCountry "ENG"]
[SourceTitle "BritBase"]
[Source "John Saunders"]
[SourceDate "2024.08.31"]
[SourceVersion "1"]
[SourceVersionDate "2024.08.25"]
[SourceQuality "1"]

1. d3 Nc6 2. g3 h5 3. h4 d5 4. Bg2 e5 5. Nf3 Bg4 6. c3 Qd7 7. Nbd2 Nf6 8. Qc2 a5 9. Ng5 Bc5 10. e4 Rd8 11. f3 Be6 12. Nxe6 fxe6 13. Nb3 Bb6 14. Bg5 a4 15. Nd2 a3 16. bxa3 Ra8 17. Ke2 O-O 18. Rhb1 Rxa3 19. Rb3 Raa8 20. Rab1 Qd6 21. Rb5 Na7 22. R5b2 Qc5 23. Rf1 Nb5 0-1

[Event "Lancaster Open 2nd"]
[Site "Lancaster"]
[Date "2024.08.10"]
[Round "2.3"]
[White "Richmond, Frank"]
[Black "Jakhria, Kushal"]
[Result "0-1"]
[WhiteElo "1678"]
[BlackElo "2193"]
[PlyCount "50"]
[EventDate "2024.08.09"]
[EventType "swiss"]
[EventRounds "5"]
[EventCountry "ENG"]
[SourceTitle "BritBase"]
[Source "John Saunders"]
[SourceDate "2024.08.31"]
[SourceVersion "1"]
[SourceVersionDate "2024.08.25"]
[SourceQuality "1"]

1. e4 c5 2. c3 Nf6 3. e5 Nd5 4. Nf3 Nc6 5. Bc4 Nb6 6. Bb3 c4 7. Bc2 d5 8. exd6 e5 9. b3 Bxd6 10. Ba3 O-O 11. d3 Bxa3 12. Nxa3 cxd3 13. Qxd3 Qxd3 14. Bxd3 e4 15. Bxe4 Re8 16. Nd2 f5 17. f3 fxe4 18. Nxe4 Bf5 19. O-O-O Bxe4 20. fxe4 Rxe4 21. Nb5 Re2 22. Kb1 a6 23. Nd6 Rf8 24. Rhf1 Rxf1 25. Rxf1 Nd5 0-1

[Event "Lancaster Open 2nd"]
[Site "Lancaster"]
[Date "2024.08.10"]
[Round "2.4"]
[White "McLean, Robert"]
[Black "Gillings, Matthew"]
[Result "1-0"]
[WhiteElo "2101"]
[BlackElo "1760"]
[PlyCount "67"]
[EventDate "2024.08.09"]
[EventType "swiss"]
[EventRounds "5"]
[EventCountry "ENG"]
[SourceTitle "BritBase"]
[Source "John Saunders"]
[SourceDate "2024.08.31"]
[SourceVersion "1"]
[SourceVersionDate "2024.08.25"]
[SourceQuality "1"]

1. e4 e5 2. Nc3 Nf6 3. g3 Bc5 4. Bg2 Nc6 5. Nge2 Nd4 6. O-O d6 7. h3 Be6 8. Na4 Nxe2+ 9. Qxe2 Bd4 10. c3 Qd7 11. cxd4 Qxa4 12. d5 Bd7 13. d3 h6 14. Kh2 c5 15. f4 Bb5 16. fxe5 dxe5 17. Rf5 Nd7 18. Be3 g6 19. Rf2 Qa6 20. Bf1 Qd6 21. b3 f6 22. h4 h5 23. Bh3 Ke7 24. a4 Ba6 25. Raf1 Raf8 26. Be6 b6 27. Rf3 Bc8 28. Qf2 Rh7 29. Bh6 Ke8 30. Bxf8 Kxf8 31. Qd2 Rh8 32. Kg1 g5 33. hxg5 h4 34. gxf6 1-0

[Event "Lancaster Open 2nd"]
[Site "Lancaster"]
[Date "2024.08.10"]
[Round "2.5"]
[White "Arnott, Jonathan"]
[Black "Cukovs, Oleg"]
[Result "1-0"]
[WhiteElo "2259"]
[BlackElo "1903"]
[PlyCount "45"]
[EventDate "2024.08.09"]
[EventType "swiss"]
[EventRounds "5"]
[EventCountry "ENG"]
[SourceTitle "BritBase"]
[Source "John Saunders"]
[SourceDate "2024.08.31"]
[SourceVersion "1"]
[SourceVersionDate "2024.08.25"]
[SourceQuality "1"]

1. e4 Nf6 2. e5 Nd5 3. d4 d6 4. c4 Nb6 5. f4 dxe5 6. fxe5 Nc6 7. Be3 Bf5 8. Nc3 e6 9. Nf3 Be7 10. Be2 O-O 11. O-O f6 12. exf6 Bxf6 13. Qd2 Qe7 14. Rad1 Rad8 15. Kh1 Rd7 16. Qc1 Rfd8 17. d5 Ne5 18. Nxe5 Bxe5 19. Bg5 Bf6 20. Bxf6 Qxf6 21. g4 Qe5 22. gxf5 exd5 23. cxd5 1-0

[Event "Lancaster Open 2nd"]
[Site "Lancaster"]
[Date "2024.08.10"]
[Round "2.6"]
[White "Surtees, Michael"]
[Black "Kershaw, Ewan"]
[Result "0-1"]
[WhiteElo "2162"]
[BlackElo "1950"]
[PlyCount "84"]
[EventDate "2024.08.09"]
[EventType "swiss"]
[EventRounds "5"]
[EventCountry "ENG"]
[SourceTitle "BritBase"]
[Source "John Saunders"]
[SourceDate "2024.08.31"]
[SourceVersion "1"]
[SourceVersionDate "2024.08.25"]
[SourceQuality "1"]

1. e4 c5 2. d3 Nc6 3. Ne2 Nf6 4. f4 g6 5. c3 Bg7 6. Be3 d6 7. h3 c4 8. g4 cxd3 9. Qxd3 O-O 10. Bg2 Nd7 11. Na3 Nc5 12. Qc2 a6 13. Rd1 Qc7 14. b4 Nd7 15. O-O b5 16. Qd2 Nb6 17. Rc1 Be6 18. Nd4 Bc4 19. Rfd1 Rad8 20. Bf1 e5 21. Nf3 Bxf1 22. Kxf1 exf4 23. Bxb6 Qxb6 24. Qxf4 Ne5 25. Nd4 Rfe8 26. Rd2 Re7 27. Ne2 Re6 28. Kg2 Rf6 29. Qg3 Rf3 30. Qxf3 Nxf3 31. Kxf3 Bh6 32. Nf4 Qc6 33. Rd5 Re8 34. h4 f5 35. g5 fxe4+ 36. Kg3 Bg7 37. c4 Be5 38. Rxe5 Rxe5 39. Rc2 Qb6 40. c5 dxc5 41. bxc5 Rxc5 42. Re2 Rc3+ 0-1

[Event "Lancaster Open 2nd"]
[Site "Lancaster"]
[Date "2024.08.10"]
[Round "2.7"]
[White "Wynarczyk, Raymond"]
[Black "McAtear, Jacob B"]
[Result "1/2-1/2"]
[WhiteElo "1863"]
[BlackElo "2110"]
[PlyCount "44"]
[EventDate "2024.08.09"]
[EventType "swiss"]
[EventRounds "5"]
[EventCountry "ENG"]
[SourceTitle "BritBase"]
[Source "John Saunders"]
[SourceDate "2024.08.31"]
[SourceVersion "1"]
[SourceVersionDate "2024.08.25"]
[SourceQuality "1"]

1. e4 e5 2. Nf3 Nc6 3. Bc4 Nf6 4. d3 Bc5 5. c3 a6 6. O-O Ba7 7. Bg5 d6 8. Bb3 h6 9. Bh4 g5 10. Bg3 Ne7 11. Re1 Ng6 12. d4 Qe7 13. Nbd2 b5 14. Nf1 c5 15. dxe5 dxe5 16. Ne3 Bb8 17. Nf5 Bxf5 18. exf5 Nf4 19. Bxf4 gxf4 20. Bd5 Ra7 21. Bc6+ Nd7 22. Qd5 O-O 1/2-1/2

[Event "Lancaster Open 2nd"]
[Site "Lancaster"]
[Date "2024.08.10"]
[Round "2.8"]
[White "Vann, Richard P"]
[Black "Hymer, Barry J"]
[Result "0-1"]
[WhiteElo "1917"]
[BlackElo "1996"]
[PlyCount "96"]
[EventDate "2024.08.09"]
[EventType "swiss"]
[EventRounds "5"]
[EventCountry "ENG"]
[SourceTitle "BritBase"]
[Source "John Saunders"]
[SourceDate "2024.08.31"]
[SourceVersion "1"]
[SourceVersionDate "2024.08.25"]
[SourceQuality "1"]

1. d4 Nf6 2. e3 c5 3. c3 b6 4. Nf3 Bb7 5. Nbd2 g6 6. Be2 Bg7 7. O-O O-O 8. Ne5 d6 9. Bf3 Qc7 10. Bxb7 Qxb7 11. Qf3 Qxf3 12. Nexf3 Nbd7 13. b3 Rac8 14. Bb2 cxd4 15. cxd4 Rc2 16. Rab1 Rfc8 17. Rfc1 Nd5 18. Ne1 Rxc1 19. Rxc1 Rxc1 20. Bxc1 Nc3 21. Bb2 Nxa2 22. Nd3 a5 23. Kf1 b5 24. Ke1 Nb6 25. Kd1 Nd5 26. Kc2 Kf8 27. Nb1 Nab4+ 28. Nxb4 Nxb4+ 29. Kd2 Nd5 30. Bc3 b4 31. Bb2 Nb6 32. Kd3 d5 33. Nd2 e6 34. Nf3 f6 35. Kd2 Ke7 36. Ne1 Kd6 37. Nd3 Nd7 38. f3 e5 39. dxe5+ fxe5 40. f4 Bf6 41. fxe5+ Nxe5 42. Nxe5 Bxe5 43. Bxe5+ Kxe5 44. Kd3 h5 45. h4 Kf5 46. Kd4 Kg4 47. Kc5 Kg3 48. Kb5 Kf2 0-1

[Event "Lancaster Open 2nd"]
[Site "Lancaster"]
[Date "2024.08.10"]
[Round "2.9"]
[White "Wilson, Matthew R"]
[Black "Seery, Philip T"]
[Result "0-1"]
[WhiteElo "1840"]
[BlackElo "1964"]
[PlyCount "36"]
[EventDate "2024.08.09"]
[EventType "swiss"]
[EventRounds "5"]
[EventCountry "ENG"]
[SourceTitle "BritBase"]
[Source "John Saunders"]
[SourceDate "2024.08.31"]
[SourceVersion "1"]
[SourceVersionDate "2024.08.25"]
[SourceQuality "1"]

1. e4 d5 2. exd5 Qxd5 3. Nc3 Qa5 4. d4 c6 5. Bc4 Bf5 6. Nf3 e6 7. Bd2 Nd7 8. O-O Ngf6 9. Re1 Bb4 10. a3 Bxc3 11. Bxc3 Qc7 12. b4 Ne4 13. Bb2 O-O 14. Ne5 Nxe5 15. dxe5 Rad8 16. Qe2 Rd2 17. Qe3 Rxc2 18. Re2 Rxc4 0-1

[Event "Lancaster Open 2nd"]
[Site "Lancaster"]
[Date "2024.08.10"]
[Round "2.10"]
[White "Daryanto, Ahmad"]
[Black "Sykes, Chris"]
[Result "1-0"]
[WhiteElo "2059"]
[BlackElo "1814"]
[PlyCount "82"]
[EventDate "2024.08.09"]
[EventType "swiss"]
[EventRounds "5"]
[EventCountry "ENG"]
[SourceTitle "BritBase"]
[Source "John Saunders"]
[SourceDate "2024.08.31"]
[SourceVersion "1"]
[SourceVersionDate "2024.08.25"]
[SourceQuality "1"]

1. e4 c6 2. d4 d5 3. e5 c5 4. c3 Nc6 5. Nf3 Bg4 6. Bb5 e6 7. a3 Qb6 8. Bxc6+ bxc6 9. dxc5 Bxc5 10. O-O f6 11. b4 Be7 12. h3 Bh5 13. g4 Bg6 14. Bf4 f5 15. Nd4 c5 16. Qa4+ Kf7 17. bxc5 Bxc5 18. gxf5 Bxf5 19. Nxf5 exf5 20. Nd2 Ne7 21. Rab1 Qg6+ 22. Kh2 Qh5 23. Nb3 Bb6 24. e6+ Kf6 25. Nd4 g5 26. Bd6 g4 27. Bxe7+ Kxe7 28. Qd7+ Kf6 29. Rh1 Rhd8 30. Qb7 Rab8 31. Qf7+ Qxf7 32. exf7 Bxd4 33. cxd4 gxh3 34. Kxh3 Kxf7 35. Kg3 Rxb1 36. Rxb1 Ke6 37. Kf4 Rg8 {(=)} 38. f3 Rc8 39. Rh1 Rc4 40. Rh6+ Kf7 41. Rxh7+ Ke6 1-0

[Event "Lancaster Open 2nd"]
[Site "Lancaster"]
[Date "2024.08.10"]
[Round "2.11"]
[White "Cook, Michael Antony"]
[Black "Lampard, Alice"]
[Result "1/2-1/2"]
[WhiteElo "1962"]
[BlackElo "1910"]
[PlyCount "120"]
[EventDate "2024.08.09"]
[EventType "swiss"]
[EventRounds "5"]
[EventCountry "ENG"]
[SourceTitle "BritBase"]
[Source "John Saunders"]
[SourceDate "2024.08.31"]
[SourceVersion "1"]
[SourceVersionDate "2024.08.25"]
[SourceQuality "1"]

1. e4 c5 2. Nf3 Nc6 3. d4 cxd4 4. Nxd4 g6 5. c4 Nf6 6. Nc3 Nxd4 7. Qxd4 d6 8. Be2 Bg7 9. Be3 O-O 10. Qd2 Bd7 11. O-O Qc7 12. Rac1 Rfc8 13. Rfd1 Qd8 14. f3 Be6 15. b3 Nd7 16. Bf1 b6 17. Qf2 Nc5 18. h3 f5 19. exf5 Bxf5 20. b4 Nd7 21. Nb5 Qf8 22. Nd4 Ne5 23. f4 Nc6 24. Nxf5 gxf5 25. a3 Qf6 26. c5 bxc5 27. bxc5 dxc5 28. Rxc5 Rd8 29. Qa2+ Kh8 30. Rxd8+ Rxd8 31. Qc2 Nd4 32. Qc4 h5 33. Rd5 Rxd5 34. Qxd5 Qd6 35. Qf7 Qxa3 36. Qxh5+ Kg8 37. Qe8+ Kh7 38. Bf2 Qd6 39. Qh5+ Kg8 40. Bg3 Qe6 41. Kh2 a5 42. Qe8+ Kh7 43. Bd3 Qf6 44. Bf2 Ne6 45. Qh5+ Kg8 46. Be3 Bh6 47. Bc4 Kg7 48. Qf3 a4 49. Bc1 a3 50. Qg3+ Kf8 51. Bxe6 Qxe6 52. Bxa3 Qe4 53. Bc1 e5 54. Qh4 Bxf4+ 55. Bxf4 exf4 56. Qf6+ Kg8 57. Qg5+ Kf7 58. h4 Qe5 59. Qh5+ Kg7 60. Qf3 Qe4 1/2-1/2